00339nam a2200133Ia 4500008004100000041001200041082001600053100001100069245004700080260003800127300000800165650001600173700001600189221030s9999 xx 000 0 und d aEnglish a105.23bTit aTittel 0aHTML 4 for Dummiescby Tittel, S. N. James bComdex ComputersaNew Delhic1999 a373 aBE Computer aS. N. James